The Language by Clip Quiz has been played 10,157 times (0 today)
| Number |
% Answered |
| 30 (all) | | 0.4% | | 26-29 | | 1.4% | | 22-25 | | 4.7% | | 18-21 | | 11.7% | | 14-17 | | 21.2% | | 10-13 | | 26.8% | | 6-9 | | 17.4% | | 2-5 | | 15% | | 1-1 | | 1.5% |
|
|
Language by Clip Quiz
-
- Created May 5, 2010 in Language
- Game Plays 10,157
Remember, Sporcle is now...
